Histoire Générale des Races Humaines ou Philosophie ethnographique / (Record no. 164460)

MARC details
000 -LEADER
campo de control de longitud fija 00841nam a22002295i 4500
001 - NÚMERO DE CONTROL
campo de control 164460
003 - IDENTIFICADOR DE NÚMERO DE CONTROL
campo de control ES-MaACL
005 - FECHA Y HORA DE LA ÚLTIMA TRANSACCIÓN
campo de control 20230906212936.0
008 - DATOS DE LONGITUD FIJA--INFORMACIÓN GENERAL
campo de control de longitud fija 990226s1849 fr |||| | fre d
040 ## - FUENTE DE CATALOGACIÓN
Centro catalogador/agencia de origen CCPB | B
Lengua de catalogación spa
Centro/agencia transcriptor CCPB | B
100 1# - ENTRADA PRINCIPAL--NOMBRE DE PERSONA
Nombre de persona Salles, Eusèbe.
9 (RLIN) 132339
245 10 - MENCIÓN DEL TÍTULO
Título Histoire Générale des Races Humaines ou Philosophie ethnographique /
Mención de responsabilidad, etc. par Eusèbe Fr. de Salles.
260 ## - PUBLICACIÓN, DISTRIBUCIÓN, ETC.
Lugar de publicación, distribución, etc. Paris :
Nombre del editor, distribuidor, etc. Benjamin Duprat :
-- Pagnerre,
Fecha de publicación, distribución, etc. 1849.
300 ## - DESCRIPCIÓN FÍSICA
Extensión VIII, 385 p. ;
Dimensiones 18 cm.
596 #1 - NOTA AL PIE DE IMPRENTA
NOTA AL PIE DE IMPRENTA Marca tip. en port.
597 #1 - NOTA DE DESCRIPCIÓN FÍSICA
NOTA DE DESCRIPCIÓN FÍSICA Antep.
650 ## - PUNTO DE ACCESO ADICIONAL DE MATERIA--TÉRMINO DE MATERIA
Término de materia o nombre geográfico como elemento de entrada Raza-
Subdivisión general Historia.
9 (RLIN) 224025
740 0# - ENTRADA AGREGADA--TÍTULO RELACIONADO/ANALÍTICO NO CONTROLADO
Título relacionado o analítico no controlado Philosophie Etnographique.
752 ## - ENTRADA AGREGADA--NOMBRE JERÁRQUICO DEL LUGAR
País o entidad superior Francia -
Ciudad París
852 ## - LOCALIZACIÓN
Ubicación ES-MaACL
Número de control de estantería F-7946
Nota libre -- Enc. hol.
Encuadernación -- Edic.: En verso de la antep. consta el imp.: Marseille : Imprimerie Française et Orientale de Carnaud
Holdings
Estatus retirado Estado de pérdida Estado de daño No para préstamo Colección Biblioteca de origen Biblioteca actual Ubicación en estantería Fecha de adquisición Fuente de adquisición Total de préstamos Signatura topográfica completa Código de barras Visto por última vez Precio de reemplazo Tipo de ítem Koha
        Libros del s. XIX Biblioteca del Ateneo de Madrid Biblioteca del Ateneo de Madrid Sala Pecera Planta 2 17/01/2008     F-7946 1172389 23/02/2023 23/02/2023 Libro impreso antiguo